000 00770cpcaa2200253 4500
001 mm 79003446
003 DLC
005 20260227111643.0
008 790111|||||||||||| eng
010 _amm 79003446
040 _aDLC
_cDLC
_edacs
_dDLC
072 7 _aL
_2lcmd
100 1 _aBell, Bernard.
245 0 0 _aBernard Bell poems,
_fundated.
300 _a4
_fitems.
506 0 _aOpen to research.
545 0 _aPoet.
546 _aCollection material in English.
580 _aForms part of: Miscellaneous Manuscripts collection.
650 0 _aPoetry.
656 7 _aPoets.
_2itoamc
999 _c41331
_d41331